Formar niños lectores y productores de poemas
Uloženo v:
| Hlavní autoři: | , , |
|---|---|
| Korporativní autor: | |
| Médium: | Kniha |
| Jazyk: | španělština |
| Vydáno: |
Santiago
Dolmen
1997
|
| Vydání: | 2a. ed |
| Témata: | |
| Tagy: |
Přidat tag
Žádné tagy, Buďte první, kdo vytvoří štítek k tomuto záznamu!
|
MARC
| LEADER | 00000nam a2200000 a 4500 | ||
|---|---|---|---|
| 001 | UCH6108 | ||
| 003 | CL-VaPUC | ||
| 008 | 091109e19970000CL |||||||||||||||||spa|d | ||
| 020 | |a 9562012638 | ||
| 082 | 0 | 4 | |a 372.41 |b JOL |2 21 |
| 100 | 0 | |a Jolibert, Josette |e author |9 233 | |
| 700 | 0 | |a Sraiki, Christine |e author |9 542493 | |
| 700 | 0 | |a Herbeaux, Liliane |e author |9 542494 | |
| 110 | 2 | |a Dolmen Estudio |e author |9 542495 | |
| 245 | 1 | 0 | |a Formar niños lectores y productores de poemas |
| 250 | |a 2a. ed | ||
| 300 | |a 181 p | ||
| 942 | |c BK | ||
| 945 | |d 20091109 00:00:00 |a lazolas | ||
| 260 | |a Santiago |b Dolmen |c 1997 | ||
| 650 | 0 | |a Lectura |9 307634 | |
| 650 | 0 | |a Educación básica |9 224933 | |
| 650 | 0 | |a Poesía |9 265825 | |
| 650 | 0 | |a Aprendizaje |9 254827 | |
| 650 | 0 | |a Lingüística |9 265068 | |
| 650 | 0 | |a Poemas |9 372646 | |
| 650 | 7 | |a TALLERES |2 CL-VaPUC |9 372938 | |
| 583 | |a last modification |c 20091109 00:00:00 |k Rodrigo Vera | ||
| 999 | |c 337068 |d 337066 | ||